Welcome to University of Cape Coast Library, Online Public Access Catalogue (OPAC)

100 Persons arrested in Lukula clash (Record no. 45147)

MARC details
000 -LEADER
fixed length control field 00321 a2200109 4500
100 ## - MAIN ENTRY--AUTHOR NAME
Personal name FUGU, Mohammed
245 ## - TITLE STATEMENT
Title 100 Persons arrested in Lukula clash
300 ## - PHYSICAL DESCRIPTION
Number of Pages Saturday June 3, 2023 Page 13
650 ## - SUBJECT ADDED ENTRY--TOPICAL TERM
Topical Term Chieftaincy Dispute
773 0# - HOST ITEM ENTRY
International Standard Serial Number 0855-1529
Title Daily Graphic
Place, publisher, and date of publication Accra Daily Graphic 2023
942 ## - ADDED ENTRY ELEMENTS (KOHA)
Koha item type Periodicals
Holdings
Not for loan Collection code Home library Current library Shelving location Date acquired Copy number Koha item type
Not For Loan Periodical Library Periodicals Library Periodicals Library Third Floor West Wing Sam Jonah Library 11/29/2023 1 Periodicals
Koha©2022 UCC.All Right Reserved.Site Developed by Sam Jonah Library IT Team
<Home | Contact | Library publications |Research Tools | Research Guides |https://ucclivechat.library-gh.net/index.php/chat

If you have questions or concern please contact the Library.



PMB, University of Cape Coast

KOHA HOME